Economics and consumer behaviour (Record no. 6008)

000 -LEADER
fixed length control field 00314nam a2200133Ia 4500
008 - FIXED-LENGTH DATA ELEMENTS--GENERAL INFORMATION
fixed length control field 201214s9999 xx 000 0 und d
100 ## - MAIN ENTRY--PERSONAL NAME
Personal name Deaton, Angus
245 #0 - TITLE STATEMENT
Title Economics and consumer behaviour
260 ## - PUBLICATION, DISTRIBUTION, ETC.
Place of publication, distribution, etc. Cambridge
Name of publisher, distributor, etc. Cambridge University Press
Date of publication, distribution, etc. 1982
300 ## - PHYSICAL DESCRIPTION
Extent 450
942 ## - ADDED ENTRY ELEMENTS (KOHA)
Koha item type Books
Holdings
Withdrawn status Lost status Damaged status Not for loan Permanent Location Date acquired Date last seen Price effective from Koha item type Full call number Barcode
        IMU Kolkata 2020-12-14 2020-12-14 2020-12-14 Books    
          2020-12-14 2020-12-14 2020-12-14 Books 658.834 D2858  
          2020-12-14 2020-12-14 2020-12-14 Books   PM00978
Designed and Maintained by IMU-KC Library, Kolkata Campus © Copyright All Rights Reserved

webs counters

Powered by Koha